Quiz su Turks e Caicos - Statistics

Statistiche generali
  • Questo quiz è stato fatto 8 volte
    5 dall'ultimo reset
  • Il punteggio medio è 4 su 19
Statistiche sulle risposte
Definizione Risposta % Corretto
Turks e Caicos è una dipendenza di questo Stato Regno Unito
100%
Religione più praticata Cristianesimo
50%
Numero di alture sopra i 100 metri 0
25%
Stato a nord-ovest Bahamas
25%
Re Carlo III
25%
Sport più praticato Cricket
25%
Stato a sud-ovest Cuba
25%
Suddivisione di primo livello a Turks e Caicos (ce ne sono 6) Distretti
25%
Sharlene Cartwright-Robinson è la prima premier ________ a Turks e Caicos Donna
25%
Pesca
25%
È il terzo territorio d'oltremare di questo Stato più _____________ Popoloso
25%
Isola più popolosa Providenciales
25%
Due attività principali dell'isola Turismo
25%
Aragosta
0%
Capitale Cockburn Town
0%
Animali presenti sullo stemma (al singolare) Fenicottero
0%
Isola a sud Hispaniola
0%
Pellicano
0%
Caicos deriva da caya hico, che in lingua taìno significa __________ __ ______ Striscia di isole
0%
Nessun quiz corrispondente trovato
Distribuzione punteggi
Percentuale di utenti per punteggio
Percentile per numero di risposta
I tuoi punteggi nel tempo
Non hai fatto questo quiz dall'ultimo reset